Statistiken für Forrest Gump Quiz

Klicken Sie hier um das Quiz zu spielen!

Allgemein

  • Dieses Quiz wurde 33 mal gespielt
  • Das Durchschnittsergebnis liegt bei 8 aus 17

Antwortstatistiken

HintAntwort% Korrekt
In welchem Krieg dient Forrest als Soldat der U.S. Army?Vietnamkrieg
86%
In welchem Bundesstaat liegt jener Ort?Alabama
76%
Welchen Sport betreibt Forrest zum Ende seines Militärdienstes?Tischtennis
76%
An welcher "Firma die etwas mit Obst macht" hält Forrest Anteile?Apple
72%
Nach welchen Tieren fischt Forrest nach seinem Einstieg in die Fischereibranche?Shrimps
72%
Welchen künftigen Rockstar inspieriert Forrest als Kind?Elvis Presley
62%
Welche ikonische Grafik erfindet Forrest zufällig als er durch die USA joggt?Smiley
59%
Welcher IQ wird bei Forrest vor der Einschulung festgestellt?75
55%
An welcher Krankheit stirbt Forrests Frau Jenny wahrscheinlich?AIDS
55%
Wie wird Forrest bester Freund, den er während seines Militärdienstes kennenlernt, genannt?Bubba
52%
Welchen US-Präsidenten trifft Forrest als Mitglied des All-American-Teams?John F. Kennedy
45%
Wie heißt der dritte US-Präsident den Forrest trifft?Richard Nixon
41%
Aus welchem Ort stammt Forrest Gump?Greenbow
28%
Welchen Politikskandal deckt Forrest dabei ungewollt auf?Watergate Affäre
28%
Welchen US-Präsidenten trifft Forrest, als er für seine Tapferkeit im Krieg ausgezeichnet wird?Lyndon B. Johnson
17%
Wie heißt Forrests Kindheitsfreundin Jenny mit Nachnamen?Curran
3%
Wie heißt ihr Vorgesetzter im Krieg, der Forrest auch noch später begleiten wird?Lieutenant Dan Taylor
0%

Verteilung der Resultate

Perzentil nach korrekt beantworteten Fragen

Anzahl Personen mit jedem Resultat

Ihre Resultats-Entwicklung

Sie haben dieses Quiz noch nicht gespielt